000 00520naa a2200157 a 4500
001 1143
003 CDMR
005 20130404185310.0
008 130130s ||||||||||||r|||||||||||||||d
040 _aCDMR
_bcat
_cCDMR
100 1 _aBusquets i Punset, Antoni
_9895
245 1 4 _aEls homes de "Joventut"
_b: conferència llegida a Ràdio Associació per Joan Costa i Deu : dia 15 de juliol
650 0 4 _aPeriodistes
_92400
_zCatalunya
773 0 _tAssociació de Periodistes de Barcelona
_g1933, p133-143
_w315
942 _cCAP
_2ddc
999 _c1143
_d1143